000 01511nam a22002177a 4500
008 230201s2023 ||||| ||||o00| 0 eng d
110 _96315
_aDepartment for Levelling Up, Housing and Communities
245 _aDeveloper remediation contract
260 _bDepartment for Levelling Up, Housing and Communities,
_c30 January 2023 (and then continuously updated).
520 _aThe government wrote to developers on 30 January 2023 saying that it expects them to sign the newly published ‘developer remediation contract’ as soon as possible. Once signed, the contract will require developers to: Take responsibility for all necessary work to address life-critical fire-safety defects arising from design and construction of buildings 11 metres and over in height that they developed or refurbished over the last 30 years in England. Keep residents in those buildings informed on progress towards meeting this commitment. Reimburse taxpayers for funding spent on remediating their buildings. Updated Autumn 2023 with information about the Responsible Actors Scheme.
520 _aApplies to England
650 _aCLADDING
650 _aREMEDIATION
650 _aBUILDING SAFETY
650 _aFIRE SAFETY
651 _aEngland
690 _96223
_aBuilding materials & defects
690 _96222
_aBuilding control
710 _96315
_aDepartment for Levelling Up, Housing and Communities
856 _uhttps://www.gov.uk/government/publications/developer-remediation-contract
_zAvailable on .gov.uk
999 _c121345
_d121345